000
00250nam a22000977a 4500
999
_c
11463
_d
11463
008
190525b ||||| |||| 00| 0 eng d
020
_a
9781599201191
100
_a
Hyland Tony
_9
7181
245
_a
High-Risk Robots
260
_a
Minesotta
_b
Smart Apple
_c
2007